[Event "Coppa del Mondo FIDE 2025"]
[Site "Goa"]
[Date "07.11.2025"]
[Round "2A"]
[White "Svane, Rasmus"]
[Black "Liang, Awonder"]
[Result "1/2-1/2"]
[WhiteElo "2614"]
[BlackElo "2710"]
[EventDate "2025.11.01"]
[EventType "k.o."]

1. d4 Nf6 2. c4 g6 3. Nc3 Bg7 4. e4 d6 5. Be2 O-O 6. Be3 Na6 7. Nf3 e5 8.
O-O Qe7 9. dxe5 dxe5 10. Nd5 Qd8 11. Qc2 Ng4 12. Rad1 Nxe3 13. Nxe3 Qe7 14.
Nd5 Qe8 15. c5 c6 16. Ne3 Nc7 17. Nc4 Qe7 18. Nd6 Ne6 19. Nxc8 Raxc8 20. b4
Rfd8 21. Bc4 Bf6 22. g3 Kg7 23. Kg2 Nc7 24. Rxd8 Rxd8 25. Rd1 Rd7 26. Qb3
b5 27. cxb6 axb6 28. Rxd7 Qxd7 29. a4 b5 30. Be2 bxa4 31. Qxa4 Ne6 32. b5
cxb5 33. Qxb5 Qxb5 1/2-1/2

[Event "Coppa del Mondo FIDE 2025"]
[Site "Goa"]
[Date "07.11.2025"]
[Round "2A"]
[White "Kourkoulos-Arditis, Stamatis"]
[Black "Grebnev, Aleksey"]
[Result "0-1"]
[WhiteElo "2583"]
[BlackElo "2611"]
[EventDate "2025.11.01"]
[EventType "k.o."]

1. e4 e5 2. Nf3 Nf6 3. d4 Nxe4 4. Bd3 d5 5. Nxe5 Bd6 6. Nc3 Nxc3 7. bxc3
Nd7 8. O-O O-O 9. Re1 c5 10. Qf3 c4 11. Bf5 Nxe5 12. dxe5 Re8 13. Bf4 Bf8
14. Bxc8 Rxc8 15. Re2 Qa5 16. h4 Rcd8 17. Bg5 Be7 18. Bxe7 Rxe7 19. Rd1
Qxa2 20. Rxd5 Rde8 21. h5 h6 22. Qg3 Qa6 23. Rd6 Qb5 24. f4 Kh8 25. Red2 a5
26. Kh2 Qb1 27. Rd7 Qb5 28. R7d6 Qb1 29. Rd7 Qb5 30. R7d5 Qb6 31. f5 Qc7
32. Re2 Rd7 33. Rxd7 Qxd7 34. Qf4 Qc7 35. f6 Re6 36. g3 Qc5 37. Rf2 Kg8 38.
fxg7 Qc7 39. Rd2 Qxe5 40. Qxc4 Qxh5+ 41. Kg2 Kxg7 42. Rd5 Re2+ 0-1

[Event "Coppa del Mondo FIDE 2025"]
[Site "Goa"]
[Date "07.11.2025"]
[Round "2A"]
[White "Najer, Evgeniy"]
[Black "Sevian, Samuel"]
[Result "1/2-1/2"]
[WhiteElo "2610"]
[BlackElo "2698"]
[EventDate "2025.11.01"]
[EventType "k.o."]

1. e4 e5 2. Nf3 Nc6 3. Bb5 a6 4. Ba4 Nf6 5. O-O Nxe4 6. d4 b5 7. Bb3 d5 8.
dxe5 Be6 9. c3 Be7 10. Bc2 Bg4 11. Qe1 Nc5 12. Nbd2 Ne6 13. Qe2 O-O 14. Rd1
f6 15. Qd3 g6 16. exf6 Bxf6 17. Ne4 Bxf3 18. Qxf3 dxe4 19. Qxe4 Ned4 20.
cxd4 Nxd4 21. Be3 c5 22. Qg4 Qc8 23. Qxc8 Raxc8 24. Be4 Rfe8 25. Bb7 Rb8
26. Bd5+ Kg7 27. Rab1 Rbd8 28. Bb7 Rb8 29. Bd5 Rbd8 30. Bb7 Rb8 31. Bd5
Rbd8 32. Bb7 Rb8 1/2-1/2

[Event "Coppa del Mondo FIDE 2025"]
[Site "Goa"]
[Date "07.11.2025"]
[Round "2A"]
[White "Harikrishna, Pentala"]
[Black "Dardha, Daniel"]
[Result "1-0"]
[WhiteElo "2697"]
[BlackElo "2605"]
[EventDate "2025.11.01"]
[EventType "k.o."]

1. e4 c5 2. Nf3 d6 3. d4 cxd4 4. Nxd4 Nf6 5. Nc3 Nc6 6. Bg5 e6 7. Qd2 a6 8.
Nxc6 bxc6 9. O-O-O Be7 10. Bxf6 gxf6 11. Bc4 Bb7 12. Rhe1 Qa5 13. Kb1 Qc5
14. Bb3 d5 15. Na4 Qa7 16. c4 Rd8 17. cxd5 cxd5 18. Nc3 dxe4 19. Ba4+ Kf8
20. Qh6+ Kg8 21. Rxd8+ Bxd8 22. Re3 Bc7 23. Nxe4 Bxe4+ 24. Rxe4 f5 25. Rxe6
1-0

[Event "Coppa del Mondo FIDE 2025"]
[Site "Goa"]
[Date "07.11.2025"]
[Round "2A"]
[White "Sarana, Alexey"]
[Black "Van Foreest, Jorden"]
[Result "1-0"]
[WhiteElo "2661"]
[BlackElo "2697"]
[EventDate "2025.11.01"]
[EventType "k.o."]

1. d4 d5 2. c4 dxc4 3. Nf3 Nf6 4. e3 e6 5. Bxc4 a6 6. O-O Nbd7 7. Qe2 b5 8.
Bd3 c5 9. a4 c4 10. Bc2 Bb7 11. b3 cxb3 12. Bxb3 Be7 13. Nbd2 O-O 14. e4
Nb6 15. axb5 axb5 16. Bb2 Rxa1 17. Rxa1 Qe8 18. Rc1 Na4 19. Ba1 b4 20. Rc7
Ba8 21. h3 Nc3 22. Bxc3 Qd8 23. Rc4 bxc3 24. Rxc3 Bb4 25. Rc4 Qb6 26. Bc2
Bb7 27. Bd3 g6 28. Nf1 Be7 29. Rc1 Nh5 30. Qe3 Ra8 31. N1d2 Qd8 32. Nc4 Rc8
33. Ra1 Bc6 34. Nce5 Be8 35. g3 Ra8 36. Rc1 Rc8 37. Rd1 Nf6 38. Kg2 Bf8 39.
Ng4 Bg7 40. Nxf6+ Qxf6 41. e5 Qe7 42. Be4 Qc7 43. h4 Rd8 44. Rc1 Qe7 45.
Rb1 Qc7 46. Rb7 Qc8 47. Ra7 Qb8 48. Rb7 Qc8 49. Qf4 Rd7 50. Rb1 Rc7 51. Ra1
Qd8 52. Ra6 Bb5 53. Ra8 Rc8 54. Ra7 Rc7 55. Ra1 Be8 56. Qd2 Rc8 57. Ra7 Rc7
58. Ra6 Bf8 59. Qd3 Qd7 60. Rb6 Qd8 61. Qb1 Rc1 62. Rb8 Rc8 63. Rb2 Ba3 64.
Ra2 Bf8 65. h5 Rc4 66. Ra7 Rc7 67. Ra1 Rc8 68. Qd3 Qb6 69. hxg6 hxg6 70.
Qe3 Bg7 71. Rb1 Qd8 72. Qf4 Rc4 73. Ra1 Ra4 74. Rb1 Rc4 75. Ra1 Ra4 76.
Rxa4 Bxa4 77. d5 exd5 78. Bxg6 Be8 79. Bf5 d4 80. e6 Qd5 81. Qb8 Qc6 82.
exf7+ Kxf7 83. Qf4 Ke7 84. Be4 Qd6 85. Qc1 d3 86. Qg5+ Kf8 87. Qf5+ Qf6 88.
Qd5 Qc3 89. Qd6+ Kg8 90. Bd5+ Bf7 91. Ng5 1-0

[Event "Coppa del Mondo FIDE 2025"]
[Site "Goa"]
[Date "07.11.2025"]
[Round "2A"]
[White "Maghsoodloo, Parham"]
[Black "Saric, Ivan"]
[Result "1/2-1/2"]
[WhiteElo "2697"]
[BlackElo "2661"]
[EventDate "2025.11.01"]
[EventType "k.o."]

1. c4 c6 2. Nf3 d5 3. e3 Nf6 4. b3 Bg4 5. h3 Bh5 6. Bb2 e6 7. g4 Bg6 8. Ne5
Nbd7 9. Nxg6 hxg6 10. Nc3 g5 11. cxd5 cxd5 12. Rc1 a6 13. Bg2 Ne5 14. Qe2
Bd6 15. Kd1 Rc8 16. Kc2 Ng6 17. Rhd1 b5 18. Kb1 O-O 19. Rc2 d4 20. Ne4 Rxc2
21. Kxc2 Be5 22. Nxf6+ Qxf6 23. Ba3 Rb8 24. Kb1 b4 25. Bc1 a5 26. Be4 a4
27. Qf3 Qd8 28. Bb2 axb3 29. axb3 Qa5 30. exd4 Bf6 31. Bxg6 fxg6 32. Rc1
Ra8 33. Rc4 Kh7 34. Kc1 Qa2 35. Qe3 Rf8 36. h4 Qa8 37. hxg5 Qh1+ 38. Kc2
Bxg5 39. Qxg5 Qe4+ 40. Kc1 Qe1+ 41. Kc2 Qe4+ 42. d3 Rxf2+ 43. Kb1 Qe2 44.
Qh4+ Kg8 45. Rc8+ Kf7 46. Rc7+ Kg8 47. Rc8+ Kf7 48. Rc7+ Kg8 49. Rc8+
1/2-1/2

[Event "Coppa del Mondo FIDE 2025"]
[Site "Goa"]
[Date "07.11.2025"]
[Round "2A"]
[White "Idani, Pouya"]
[Black "Esipenko, Andrey"]
[Result "1-0"]
[WhiteElo "2601"]
[BlackElo "2693"]
[EventDate "2025.11.01"]
[EventType "k.o."]

1. e4 e5 2. Nf3 Nc6 3. Bb5 a6 4. Ba4 Nf6 5. O-O Be7 6. d3 b5 7. Bb3 d6 8.
a4 Bd7 9. c3 O-O 10. Ba2 h6 11. h3 Re8 12. Be3 Bf8 13. Nbd2 Be6 14. Bxe6
Rxe6 15. g4 b4 16. g5 hxg5 17. Nxg5 Re8 18. Kh2 bxc3 19. bxc3 g6 20. Rg1
Bg7 21. Qf3 Qd7 22. Rg2 d5 23. Rag1 d4 24. Nxf7 Kxf7 25. Rxg6 Rg8 26. cxd4
Nxd4 27. Bxd4 Qxd4 28. Qf5 Rae8 29. Nf3 1-0

[Event "Coppa del Mondo FIDE 2025"]
[Site "Goa"]
[Date "07.11.2025"]
[Round "2A"]
[White "Yakubboev, Nodirbek"]
[Black "Nguyen, Thai Dai Van"]
[Result "1/2-1/2"]
[WhiteElo "2689"]
[BlackElo "2664"]
[EventDate "2025.11.01"]
[EventType "k.o."]

1. e4 c5 2. Nf3 Nc6 3. d4 cxd4 4. Nxd4 Nf6 5. Nc3 e5 6. Ndb5 d6 7. Nd5 Nxd5
8. exd5 Ne7 9. a4 a6 10. Nc3 Ng6 11. Be3 Be7 12. a5 O-O 13. h4 f5 14. h5
Nh8 15. h6 g6 16. g3 Nf7 17. Qd2 Bd7 18. f4 Re8 19. Bb6 Qc8 20. Kd1 Bf8 21.
Ra3 e4 22. Ne2 Re7 23. Nd4 Nxh6 24. Be2 Qe8 25. Re3 Rc8 26. c4 Bg7 27. b3
Nf7 28. b4 h5 29. c5 Bxd4 30. Qxd4 Bb5 31. Qf6 Bxe2+ 32. Kxe2 Nh6 33. Rxh5
Qb5+ 34. Kd1 Qf1+ 35. Kd2 gxh5 36. Qxe7 Qf2+ 37. Re2 Qd4+ 38. Ke1 Qg1+ 39.
Kd2 Qd4+ 40. Ke1 Qg1+ 41. Kd2 Qd4+ 1/2-1/2

[Event "Coppa del Mondo FIDE 2025"]
[Site "Goa"]
[Date "07.11.2025"]
[Round "2A"]
[White "Zemlyanskii, Ivan"]
[Black "Bluebaum, Matthias"]
[Result "0-1"]
[WhiteElo "2596"]
[BlackElo "2687"]
[EventDate "2025.11.01"]
[EventType "k.o."]

1. c4 e6 2. Nc3 d5 3. d4 Be7 4. cxd5 exd5 5. Bf4 Nf6 6. e3 O-O 7. Nf3 Bf5
8. h3 Nbd7 9. g4 Bg6 10. h4 Nxg4 11. h5 Bf5 12. Nxd5 Ndf6 13. Nxf6+ Nxf6
14. Bg2 Be4 15. Kf1 Qd5 16. h6 g5 17. Be5 Ng4 18. Bg3 Bd6 19. Bxd6 cxd6 20.
Rh5 f6 21. Kg1 Qf5 22. Rh3 Nxf2 23. Kxf2 g4 24. Rg3 Kh8 25. Rc1 Rg8 26. Rc7
gxf3 27. Rxg8+ Rxg8 28. Bxf3 Qh3 29. Rg7 Qh4+ 30. Kf1 Rxg7 31. hxg7+ Kxg7
32. Bxe4 Qxe4 33. Kf2 Qf5+ 34. Kg3 h5 35. Qc1 Qd7 36. Qc2 Kh6 37. Qe4 d5
38. Qf4+ Kg6 39. Qb8 Qg4+ 40. Kf2 Qf5+ 41. Kg3 h4+ 42. Kxh4 Qg5+ 43. Kh3
Qxe3+ 44. Kg2 Qe4+ 45. Kg3 Qe3+ 46. Kg2 Qe4+ 47. Kg3 Qxd4 48. Qxb7 Qe3+ 49.
Kg2 d4 50. Qxa7 Qe2+ 51. Kg3 Qe1+ 52. Kf3 d3 53. Qb8 Qe2+ 54. Kg3 Qe3+ 55.
Kg2 d2 56. Qg8+ Kf5 57. Qh7+ Ke6 58. Qg8+ Ke5 59. Qb8+ Kf5 60. Qc8+ Kf4 0-1

[Event "Coppa del Mondo FIDE 2025"]
[Site "Goa"]
[Date "07.11.2025"]
[Round "2A"]
[White "Dubov, Daniil"]
[Black "Meier, Georg"]
[Result "1/2-1/2"]
[WhiteElo "2684"]
[BlackElo "2596"]
[EventDate "2025.11.01"]
[EventType "k.o."]

1. Nf3 Nf6 2. c4 e6 3. g3 d5 4. d4 Bb4+ 5. Bd2 Be7 6. Bg2 O-O 7. O-O Nbd7
8. Qc2 c6 9. Rd1 b6 10. b3 h6 11. Bc3 Bb7 12. Nbd2 c5 13. dxc5 Bxc5 14. b4
Be7 15. Qb2 Rc8 16. Nd4 Re8 17. Rac1 Bf8 18. Nc2 Qc7 19. Ne3 dxc4 20. Bxf6
Nxf6 21. Ndxc4 Qb8 22. Bxb7 Qxb7 23. Nd6 Bxd6 24. Rxd6 Rxc1+ 25. Qxc1 Rc8
26. Qd1 Qc7 27. Kg2 Kf8 28. Rd4 Ke7 29. b5 Qc3 30. Qa4 Rc7 31. Qd1 1/2-1/2

[Event "Coppa del Mondo FIDE 2025"]
[Site "Goa"]
[Date "07.11.2025"]
[Round "2A"]
[White "Leko, Peter"]
[Black "Alekseenko, Kirill"]
[Result "1-0"]
[WhiteElo "2666"]
[BlackElo "2679"]
[EventDate "2025.11.01"]
[EventType "k.o."]

1. e4 e5 2. Nf3 Nc6 3. Bb5 a6 4. Ba4 Nf6 5. O-O Be7 6. Re1 b5 7. Bb3 O-O 8.
a4 b4 9. d4 d6 10. dxe5 Nxe5 11. Nxe5 dxe5 12. Qe2 a5 13. Rd1 Ba6 14. Qf3
Qe8 15. Bg5 Bb7 16. Bxf6 Bxf6 17. Nd2 Ra6 18. Bd5 Bxd5 19. exd5 e4 20. Qe2
Ra8 21. Ra2 Be5 22. Qxe4 f5 23. Qf3 Qe7 24. Qb3 Bd6 25. Raa1 Rfe8 26. h3
Qe5 27. Nf3 Qf4 28. g3 Qh6 29. Kg2 Re4 30. Re1 Rae8 31. Rxe4 fxe4 32. Nd4
Qd2 33. Qe3 Qxe3 34. fxe3 Re5 35. Rf1 g6 36. Rf4 Kg7 37. g4 h5 38. gxh5
Rxh5 39. Rxe4 Rxd5 40. Kf3 Kf6 41. Rg4 Bc5 42. Nb3 Bb6 43. Ke2 Re5 44. e4
Re6 45. Nd2 c6 46. Nc4 Bc7 47. Kd3 Ke7 48. Kd4 Rf6 49. e5 Rf2 50. Rxg6 Rxc2
51. Rxc6 Bd8 52. Kd5 Rc1 53. Rh6 Rd1+ 54. Kc6 b3 55. h4 Rc1 56. Kb5 Kd7 57.
h5 Rh1 58. Rd6+ Ke8 59. h6 Bg5 60. Kxa5 Rh3 61. Kb5 Bxh6 62. a5 Bf8 63. Rd1
1-0

[Event "Coppa del Mondo FIDE 2025"]
[Site "Goa"]
[Date "07.11.2025"]
[Round "2A"]
[White "Yilmaz, Mustafa"]
[Black "Sargsyan, Shant"]
[Result "0-1"]
[WhiteElo "2591"]
[BlackElo "2667"]
[EventDate "2025.11.01"]
[EventType "k.o."]

1. d4 Nf6 2. c4 e6 3. Nf3 d5 4. Nc3 Nbd7 5. cxd5 exd5 6. Bg5 Bb4 7. Nd2 c6
8. e3 O-O 9. Bd3 Re8 10. O-O Nf8 11. Qc2 Ng6 12. Rae1 Be7 13. a3 Qd6 14. f4
Ng4 15. Bxe7 Rxe7 16. Nd1 b6 17. Nf3 c5 18. Ne5 Nf6 19. Nc3 Bd7 20. Qe2 Rd8
21. Rd1 cxd4 22. Bxg6 dxc3 23. Bb1 cxb2 24. Qd3 Qc5 25. Rf2 Ba4 26. Bc2 Bb5
27. Qb3 Rxe5 28. fxe5 Ng4 29. Rd4 Nxf2 30. Kxf2 Rc8 31. Bb1 Qc1 32. Qxd5
Qf1+ 33. Kg3 Qe1+ 34. Kf4 g5+ 0-1

[Event "Coppa del Mondo FIDE 2025"]
[Site "Goa"]
[Date "08.11.2025"]
[Round "2B"]
[White "Gukesh, D"]
[Black "Svane, Frederik"]
[Result "0-1"]
[WhiteElo "2752"]
[BlackElo "2638"]
[EventDate "2025.11.01"]
[EventType "k.o."]

1. e4 e5 2. Nf3 Nc6 3. Bc4 Nf6 4. d3 Bc5 5. O-O d6 6. c3 a5 7. Re1 O-O 8.
h3 h6 9. Nbd2 Bb6 10. a4 Bd7 11. b3 Be6 12. Bb2 Kh8 13. Ra2 Nh5 14. Nf1 Nf4
15. Bc1 Qf6 16. Ng3 g5 17. Nh2 Qg6 18. Be3 d5 19. exd5 Bxd5 20. Bxb6 cxb6
21. Nf3 Rad8 22. Rd2 Bxc4 23. dxc4 f6 24. Ne4 Rxd2 25. Qxd2 Rd8 26. Qe3 f5
27. Ng3 Nd3 28. Rd1 f4 29. Qe4 Kh7 30. Qxg6+ Kxg6 31. Ne4 Kf5 32. Nfd2 Nc5
33. Re1 Nd3 34. Rb1 h5 35. Kf1 Nc5 36. f3 Rd3 37. Kf2 g4 38. hxg4+ hxg4 39.
Re1 g3+ 40. Ke2 Re3+ 41. Kd1 Rxe1+ 42. Kxe1 Ke6 43. Kd1 Ne7 44. Ke2 Nf5 45.
Ng5+ Ke7 46. Nge4 Ke6 47. Ng5+ Kf6 48. Nge4+ Ke7 49. Nxc5 bxc5 50. Ne4 b6
51. Kd3 Nh4 52. b4 Nxg2 53. bxc5 bxc5 54. Nxc5 Ne3 55. Ke2 Nxc4 0-1

[Event "Coppa del Mondo FIDE 2025"]
[Site "Goa"]
[Date "08.11.2025"]
[Round "2B"]
[White "Vokhidov, Shamsiddin"]
[Black "Erigaisi, Arjun"]
[Result "1/2-1/2"]
[WhiteElo "2640"]
[BlackElo "2773"]
[EventDate "2025.11.01"]
[EventType "k.o."]

1. e4 e5 2. Nf3 Nc6 3. Bc4 Bc5 4. d3 Nf6 5. Nc3 a6 6. O-O d6 7. a4 h6 8.
Be3 O-O 9. Bxc5 dxc5 10. Nd5 Be6 11. Ne3 Bxc4 12. Nxc4 Re8 13. b3 Kh7 14.
h3 Nd7 15. Nh2 Nf8 16. g3 Ne6 17. Ng4 f6 18. Nge3 Ne7 19. Ng4 Rf8 20. h4
Qd7 21. Kh2 Rad8 22. Nge3 b5 23. Nd2 Nd4 24. Nf3 Qc6 25. Kg2 f5 26. axb5
axb5 27. Nxe5 Qe6 28. f4 fxe4 29. Ra7 Qb6 30. Ra2 Qb7 31. Kh3 Nec6 32. N3g4
Nxe5 33. Nxe5 Nc6 34. Qe2 Nxe5 35. fxe5 exd3 36. cxd3 Qd5 37. Rxf8 Rxf8 38.
Qe4+ Qxe4 39. dxe4 Re8 40. Ra5 c6 41. Ra6 Rxe5 42. Rxc6 b4 43. Kg2 Rxe4 44.
Rxc5 Re3 45. Rb5 Rxb3 46. Kh3 Rb2 47. Kg4 b3 48. Rb8 Kg6 49. Rb6+ Kf7 50.
Rb7+ Kf6 51. Rb6+ Ke5 1/2-1/2

[Event "Coppa del Mondo FIDE 2025"]
[Site "Goa"]
[Date "08.11.2025"]
[Round "2B"]
[White "Praggnanandhaa, R"]
[Black "Hovhannisyan, Robert"]
[Result "1-0"]
[WhiteElo "2771"]
[BlackElo "2633"]
[EventDate "2025.11.01"]
[EventType "k.o."]

1. e4 e5 2. Nf3 Nf6 3. d4 Nxe4 4. Bd3 d5 5. Nxe5 Nd7 6. O-O Nxe5 7. dxe5
Nc5 8. Be2 Be7 9. Be3 O-O 10. c3 b6 11. Nd2 Bb7 12. f4 f6 13. b4 Ne4 14.
Nxe4 dxe4 15. Qb3+ Kh8 16. Rad1 Qe8 17. e6 f5 18. Rd7 Bc8 19. Rfd1 Bxd7 20.
Rxd7 c5 21. b5 Bf6 22. a4 Qg6 23. a5 Rfe8 24. a6 Re7 25. Qd5 Rb8 26. Rxe7
Bxe7 27. Qd7 Qe8 28. Qxa7 Qd8 29. Kf2 Bd6 30. Qf7 Qh4+ 31. Kf1 Rf8 32. Qb7
Qxh2 33. e7 Rg8 34. e8=Q Rxe8 35. Qd7 Rg8 36. Qxd6 Qg3 37. Qd2 Qh4 38. Bc4
Rd8 39. Bd5 Qh1+ 40. Bg1 Qh6 41. a7 Qd6 42. Be3 1-0

[Event "Coppa del Mondo FIDE 2025"]
[Site "Goa"]
[Date "08.11.2025"]
[Round "2B"]
[White "Donchenko, Alexander"]
[Black "Giri, Anish"]
[Result "1-0"]
[WhiteElo "2641"]
[BlackElo "2759"]
[EventDate "2025.11.01"]
[EventType "k.o."]

1. d4 Nf6 2. c4 e6 3. Nc3 Bb4 4. e3 O-O 5. Bd3 Re8 6. Ne2 d5 7. O-O Bf8 8.
e4 dxe4 9. Nxe4 Nxe4 10. Bxe4 Nd7 11. Qc2 f5 12. Bf3 c6 13. g3 e5 14. Bg2
exd4 15. Nxd4 Ne5 16. Rd1 Qf6 17. c5 a5 18. b3 Qf7 19. h3 h6 20. Re1 Bd7
21. f4 Ng6 22. Be3 Re7 23. Bf2 Rae8 24. Rxe7 Nxe7 25. Re1 Nd5 26. Rxe8 Qxe8
27. Nxf5 Nb4 28. Qb1 Qh5 29. Nd6 Bxh3 30. Bxh3 Qxh3 31. Qg6 Qd7 32. f5 Nd5
33. Bd4 Qe7 34. Kf1 b5 35. a4 bxa4 36. bxa4 Qd7 37. f6 Nxf6 38. Bxf6 Qe6
39. Ne4 Qc4+ 40. Kg2 Qe2+ 41. Kh3 Qf1+ 42. Kg4 Qd1+ 43. Kf5 Qd7+ 44. Kf4
Qe6 45. g4 Qc4 46. Bc3 Qf1+ 47. Ke5 1-0

[Event "Coppa del Mondo FIDE 2025"]
[Site "Goa"]
[Date "08.11.2025"]
[Round "2B"]
[White "Stremavicius, Titas"]
[Black "Pranav, V"]
[Result "1/2-1/2"]
[WhiteElo "2531"]
[BlackElo "2641"]
[EventDate "2025.11.01"]
[EventType "k.o."]

1. d4 Nf6 2. c4 e6 3. Nf3 d5 4. Nc3 Be7 5. Bf4 O-O 6. e3 b6 7. cxd5 Nxd5 8.
Nxd5 Qxd5 9. Be2 Qa5+ 10. Nd2 Ba6 11. O-O Bxe2 12. Qxe2 c5 13. dxc5 bxc5
14. Be5 Nd7 15. Bc3 Qc7 16. Rac1 Rfd8 17. Rc2 Nb6 18. Nc4 Nxc4 19. Qxc4 Qb7
20. e4 Rd7 21. g3 Rad8 22. Re1 h6 23. Kg2 Rd3 24. Rce2 Qb6 25. Re3 Rxe3 26.
Rxe3 Bf6 27. Bxf6 gxf6 28. Qe2 c4 29. e5 fxe5 30. Rxe5 Qc6+ 31. Kh3 c3 32.
Qg4+ Kf8 33. Qh4 Ke8 34. bxc3 Qxc3 35. Qf6 Qc4 36. Ra5 a6 37. Rh5 Rd4 38.
Qf3 Qf1+ 39. Qg2 Qxg2+ 40. Kxg2 Ra4 41. Rxh6 Kf8 1/2-1/2

[Event "Coppa del Mondo FIDE 2025"]
[Site "Goa"]
[Date "08.11.2025"]
[Round "2B"]
[White "Pranesh, M"]
[Black "Keymer, Vincent"]
[Result "0-1"]
[WhiteElo "2630"]
[BlackElo "2755"]
[EventDate "2025.11.01"]
[EventType "k.o."]

1. e4 e5 2. Nf3 Nc6 3. Bb5 Nf6 4. d3 Bc5 5. Bxc6 dxc6 6. Nbd2 Nd7 7. Nc4
Qe7 8. c3 a5 9. O-O O-O 10. Re1 Qe6 11. Be3 Be7 12. Qc2 b6 13. Ncd2 c5 14.
Nf1 Ba6 15. Ng3 g6 16. b3 Qc6 17. Rad1 h5 18. h3 Rfe8 19. c4 Bb7 20. Ne2 a4
21. Nc3 axb3 22. axb3 Bf8 23. Qc1 Bg7 24. Nd5 Qd6 25. Ng5 c6 26. Nc3 Bc8
27. Kh1 f6 28. Nf3 Nf8 29. Nh4 Qd8 30. f3 Ra7 31. g4 hxg4 32. hxg4 Kf7 33.
Re2 Ne6 34. Rh2 Rh8 35. Qb2 Nd4 36. Rf1 Ne6 37. Ng2 Rxh2+ 38. Kxh2 Qh8+ 39.
Kg1 Nd4 40. Ne2 Be6 41. Nc3 Qh3 42. Bxd4 cxd4 43. Na4 Bh6 44. Kf2 Qh2 45.
Ke1 Bf8 46. Nxb6 Qg3+ 47. Kd1 Qxg2 48. Qxg2 Ra1+ 49. Ke2 Ra2+ 0-1

[Event "Coppa del Mondo FIDE 2025"]
[Site "Goa"]
[Date "08.11.2025"]
[Round "2B"]
[White "Wei, Yi"]
[Black "Gledura, Benjamin"]
[Result "1/2-1/2"]
[WhiteElo "2754"]
[BlackElo "2643"]
[EventDate "2025.11.01"]
[EventType "k.o."]

1. e4 e5 2. Nf3 Nc6 3. Bb5 Nf6 4. d3 Bc5 5. Bxc6 dxc6 6. O-O Qe7 7. Be3
Bxe3 8. fxe3 Ng4 9. Qe1 f6 10. d4 exd4 11. exd4 O-O 12. Nc3 Be6 13. h3 Nh6
14. Qf2 Rad8 15. Rfe1 b6 16. Ne2 Qd6 17. Rad1 Nf7 18. Ng3 Ng5 19. Nxg5 fxg5
20. Qe3 g4 21. e5 Qe7 22. hxg4 Bxg4 23. Rd3 Be6 24. b3 Qh4 25. Qe4 Qxe4 26.
Rxe4 Rd7 27. Rc3 Bd5 28. Rg4 Be6 29. Rh4 c5 30. dxc5 b5 31. Nh5 Rd1+ 32.
Kh2 Rff1 33. Ng3 Rfe1 34. a4 a6 35. axb5 axb5 36. Rb4 c6 37. Re4 Bd5 38.
Re2 Kf7 1/2-1/2

[Event "Coppa del Mondo FIDE 2025"]
[Site "Goa"]
[Date "08.11.2025"]
[Round "2B"]
[White "Martinez Alcantara, Jose Eduardo"]
[Black "Abdusattorov, Nodirbek"]
[Result "1-0"]
[WhiteElo "2644"]
[BlackElo "2750"]
[EventDate "2025.11.01"]
[EventType "k.o."]

1. e4 c5 2. c3 Nf6 3. e5 Nd5 4. d4 e6 5. Nf3 cxd4 6. cxd4 b6 7. Bd2 Bb7 8.
Nc3 Nxc3 9. Bxc3 Na6 10. a3 Nc7 11. Bd3 Be7 12. Qe2 O-O 13. h4 h6 14. Bd2
f5 15. exf6 Bxf6 16. Rh3 d6 17. Rc1 Qd7 18. Bb1 Nd5 19. Qd3 Kf7 20. Rg3 Ke8
21. Kf1 Kd8 22. Re1 Kc7 23. Qe2 Rae8 24. Bd3 Bc6 25. Kg1 Kb8 26. Bg6 Re7
27. Be4 Bb7 28. Qd3 Rc8 29. Qb3 Qd8 30. a4 a6 31. Bd3 Ka7 32. Rg4 Qd7 33.
Ne5 Qd8 34. Nc4 g5 35. hxg5 Bxg5 36. Rxg5 hxg5 37. Bxg5 Qc7 38. Bxe7 Qxe7
39. Be4 Qc7 40. Nd2 Qg7 41. Nc4 Qc7 42. Nd2 Rh8 43. Qg3 Qf7 44. Nc4 Nf4 45.
Nxd6 Qf6 46. Nxb7 Qh6 47. f3 Qf6 48. Re3 Rf8 49. Nd6 Qxd4 50. Kf1 Kb8 51.
Nf5 Qe5 52. Qg7 1-0

[Event "Coppa del Mondo FIDE 2025"]
[Site "Goa"]
[Date "08.11.2025"]
[Round "2B"]
[White "Mamedyarov, Shakhriyar"]
[Black "Grandelius, Nils"]
[Result "0-1"]
[WhiteElo "2742"]
[BlackElo "2645"]
[EventDate "2025.11.01"]
[EventType "k.o."]

1. c4 Nf6 2. Nc3 e5 3. g3 Bb4 4. Bg2 O-O 5. e4 d6 6. Nge2 Bg4 7. d3 Bxe2 8.
Qxe2 Nc6 9. O-O Nd4 10. Qd1 c6 11. f4 b5 12. Kh1 Rb8 13. a3 Bxc3 14. bxc3
Ne6 15. cxb5 cxb5 16. d4 Re8 17. Qd3 a6 18. Be3 Rc8 19. a4 d5 20. fxe5 dxe4
21. Qc2 Nd5 22. Qxe4 Nxc3 23. Qf3 Nxd4 24. Qxf7+ Kh8 25. Rad1 Nxd1 26. Rxd1
Rf8 27. Qh5 Rc4 28. axb5 axb5 29. e6 Qf6 30. Rxd4 Rxd4 31. e7 Qxe7 32. Bxd4
Qe1+ 33. Bg1 b4 34. Qc5 Re8 35. Qb5 h6 36. h4 Qe5 37. Qd3 Rb8 38. Kh2 b3
39. Ba7 Qb5 40. Qg6 Qe8 41. Qd6 Rd8 42. Qb4 Qe6 43. Bg1 Kh7 44. Bc5 Kh8 45.
Qa5 Qf6 46. Bb4 Rc8 47. Qb5 b2 48. Bd2 Qd4 49. Bf4 Rc2 50. Qb7 Qd3 51. Bxh6
gxh6 0-1

[Event "Coppa del Mondo FIDE 2025"]
[Site "Goa"]
[Date "08.11.2025"]
[Round "2B"]
[White "Adams, Michael"]
[Black "Lodici, Lorenzo"]
[Result "0-1"]
[WhiteElo "2646"]
[BlackElo "2560"]
[EventDate "2025.11.01"]
[EventType "k.o."]

1. e4 e6 2. d4 d5 3. e5 c5 4. c3 Nc6 5. Nf3 Bd7 6. Be2 f6 7. O-O fxe5 8.
Nxe5 Nxe5 9. dxe5 Qc7 10. Bf4 Ne7 11. Nd2 O-O-O 12. b4 Ng6 13. Bg3 Nxe5 14.
c4 Bc6 15. Bg4 dxc4 16. Qe2 Rxd2 17. Qxd2 Qd7 18. Qf4 Bd6 19. Rad1 Nf3+ 20.
Bxf3 Bxf4 21. Rxd7 Bxf3 22. Bxf4 Kxd7 23. gxf3 cxb4 24. Rd1+ Kc6 25. Rd6+
Kb5 26. Rd7 a5 27. Rxb7+ Ka4 28. Kf1 Rd8 29. Ke2 Ka3 30. Ra7 Rd5 31. Bc7 a4
32. Bf4 c3 33. h4 c2 34. Bd2 Kb2 35. Rc7 b3 36. axb3 axb3 37. Rc3 h5 38. f4
Rd7 39. Ke3 Rb7 40. Kd4 0-1

[Event "Coppa del Mondo FIDE 2025"]
[Site "Goa"]
[Date "08.11.2025"]
[Round "2B"]
[White "Vachier-Lagrave, Maxime"]
[Black "Artemiev, Vladislav"]
[Result "1/2-1/2"]
[WhiteElo "2737"]
[BlackElo "2646"]
[EventDate "2025.11.01"]
[EventType "k.o."]

1. e4 e5 2. Nf3 Nc6 3. Bb5 a6 4. Ba4 Nf6 5. O-O Be7 6. d3 b5 7. Bb3 O-O 8.
a4 Rb8 9. axb5 axb5 10. Nc3 d6 11. Nd5 Nxd5 12. Bxd5 Qe8 13. c3 b4 14. Be3
bxc3 15. bxc3 Bf6 16. Qc2 Be6 17. Bxe6 Qxe6 18. Ra6 Nd8 19. c4 Qc8 20. Rfa1
Ne6 21. h3 Qb7 22. Ra7 Qb2 23. Qd1 h6 24. g3 Qb3 25. Qf1 Bg5 26. Nxg5 hxg5
27. Qe2 Qc3 28. R7a3 Rb3 29. Rxb3 Qxa1+ 30. Kg2 Qa8 31. Kh2 1/2-1/2